Flags Of Spanish Speaking Countries - Sudden Death - Statistics

General Stats
  • This quiz has been taken 483 times
  • The average score is 15 of 18
Answers on the Grid
Answers color-coded by a green-red scale on the quiz's grid according to % correct below.
 
Answer Stats
Answer % Correct
Dominican Republic
92%
Venezuela
91%
Uruguay
91%
Guatemala
89%
Panama
89%
Mexico
89%
Argentina
85%
Chile
85%
Spain
85%
Nicaragua
84%
El Salvador
80%
Colombia
80%
Cuba
79%
Paraguay
78%
Ecuador
78%
Peru
77%
Bolivia
66%
Equatorial Guinea
52%
No matching quizzes found
Score Distribution
Percent of People with Each Score
Percentile by Number Answered
Your Score History
You have not taken this quiz